Value judgments. (Record no. 60718)

MARC details
000 -LEADER
fixed length control field 00582cam a2200157 4500
001 - CONTROL NUMBER
control field ABS61032
008 - FIXED-LENGTH DATA ELEMENTS--GENERAL INFORMATION
fixed length control field 000000n1999 000 0 eng u
035 ## - SYSTEM CONTROL NUMBER
System control number (Sirsi) u101586
100 ## - MAIN ENTRY--PERSONAL NAME
Personal name Partridge, C.
245 ## - TITLE STATEMENT
Title Value judgments.
260 ## - PUBLICATION, DISTRIBUTION, ETC.
Date of publication, distribution, etc. 1999
490 ## - SERIES STATEMENT
Series statement Estates Gazette
Volume/sequential designation (9930) 31 July 1999, 88-89(2)
520 ## - SUMMARY, ETC.
Summary, etc. Considers the effects of the Rating (Valuation) Act 1999 which was introduced to revalidate the 1990 and 1995 valuations that were cast into doubt by the LT decision in Benjamin v Anston Properties Ltd.
690 ## - LOCAL SUBJECT ADDED ENTRY--TOPICAL TERM (OCLC, RLIN)
Topical term or geographic name as entry element RATING AND VALUATION
942 ## - ADDED ENTRY ELEMENTS (KOHA)
Suppress in OPAC 0
Holdings
Withdrawn status Lost status Source of classification or shelving scheme Damaged status Not for loan Home library Current library Shelving location Date acquired Total Checkouts Full call number Barcode Date last seen Copy number Price effective from Koha item type
    Dewey Decimal Classification     London London Journal article 05/11/1999   ABS61032 101586-1001 06/08/2019 1 06/08/2019 Journal article